|
|
|
|
| LEADER |
00000nam0a2200000 4500 |
| 001 |
178077 |
| 005 |
20231101223400.0 |
| 010 |
|
|
|a 9785769570599
|
| 035 |
|
|
|a (RuTPU)RU\TPU\book\193061
|
| 090 |
|
|
|a 178077
|
| 100 |
|
|
|a 20100402d2010 m y0rusy50 ca
|
| 101 |
0 |
|
|a rus
|
| 102 |
|
|
|a RU
|
| 105 |
|
|
|a y j 001zy
|
| 200 |
1 |
|
|a Прогнозирование, проектирование и моделирование в социальной работе
|e учебное пособие для вузов
|f В. М. Сафронова
|
| 205 |
|
|
|a 3-е изд., испр. и доп.
|
| 210 |
|
|
|a Москва
|c Академия
|d 2010
|
| 215 |
|
|
|a 240 с.
|
| 225 |
1 |
|
|a Высшее профессиональное образование. Социальная работа
|
| 320 |
|
|
|a Библиогр.: с. 232-233.
|
| 330 |
|
|
|a В пособии рассматриваются базовые вопросы методологии, теории, истории организации научного прогнозирования, проектирования и моделирования социальных процессов, отечественный и зарубежный опыт в этой сфере, различные виды и типы прогнозов, проектов и моделей. Особое внимание уделено формированию умений реализовывать теоретико-методологические принципы прогнозирования, проектирования и моделирования в социальной практике. В качестве иллюстраций к теоретическим положениям приводится обширный опытно-экспериментальный материал. Для студентов высших учебных заведений. Может быть полезно аспирантам, научным и практическим работникам и всем, интересующимся проблемами прогнозирования и проектирования социальных процессов.
|
| 606 |
1 |
|
|a Социальная работа
|x Практика
|2 stltpush
|3 (RuTPU)RU\TPU\subj\36957
|9 58148
|
| 610 |
1 |
|
|a проектирование
|
| 610 |
1 |
|
|a прогнозирование
|
| 610 |
1 |
|
|a моделирование
|
| 610 |
1 |
|
|a социальные процессы
|
| 610 |
1 |
|
|a зарубежный опыт
|
| 610 |
1 |
|
|a социальное прогнозирование
|
| 610 |
1 |
|
|a демография
|
| 610 |
1 |
|
|a инновационные технологии
|
| 610 |
1 |
|
|a учебные пособия
|
| 686 |
|
|
|a У9(2)272я73
|v LBC/SL-A
|2 rubbk
|
| 700 |
|
1 |
|a Сафронова
|b В. М.
|g Валентина Михайловна
|
| 801 |
|
1 |
|a RU
|b 63413507
|c 20100402
|
| 801 |
|
2 |
|a RU
|b 63413507
|c 20121112
|g RCR
|
| 900 |
|
|
|a Прогнозирование, проектирование и моделирование в социальной работе
|
| 900 |
|
|
|a Основы социального прогнозирования
|
| 942 |
|
|
|c BK
|
| 959 |
|
|
|a 20/20100322
|d 1
|e 215,60
|f ЧЗГЛ:1
|